US Opposition to the Vietnam War - Statistics

General Stats
  • This quiz has been taken 66 times
  • The average score is 8 of 15
Answer Stats
Hint Answer % Correct
Boxer who refused to be drafted Muhammad Ali
95%
Civil Rights campaigner who spoke out against the war Martin Luther King
93%
President elected in 1968 Richard Nixon
82%
Other countries bombed by the Nixon administration Cambodia
73%
University where 4 students were killed by National Guard soldiers Kent State
70%
Other countries bombed by the Nixon administration Laos
68%
Infamous massacre that led to a turn in public opinion of the war My Lai
59%
Name for people who ignored their draft cards Draft-dodgers
57%
Where almost 500,000 protestors marched in April 1971 Washington
55%
Song by Creedance Clearwater Revival that became an anti-war anthem Fortunate Son
46%
The above was a member of this religious group Nation of Islam
30%
The above’s policy of withdrawing US troops from Vietnam Vietnamisation
23%
People who opposed the war on grounds of peace Pacifists
20%
Proposed domestic programme made unaffordable due to the war The Great Society
16%
Congress blocked this resolution as a result of the above Gulf of Tonkin
7%
No matching quizzes found
Score Distribution
Percent of People with Each Score
Percentile by Number Answered
Your Score History
You have not taken this quiz